| 000 -LEADER |
| fixed length control field |
01412pab a2200181 454500 |
| 008 - FIXED-LENGTH DATA ELEMENTS--GENERAL INFORMATION |
| fixed length control field |
180718b2004 xxu||||| |||| 00| 0 eng d |
| 100 ## - MAIN ENTRY--PERSONAL NAME |
| Personal name |
Martin, Lawrence |
| 245 ## - TITLE STATEMENT |
| Title |
Using government performance management data to identify new business opportunities: examples from government services outsourcing in the United States |
| 260 ## - PUBLICATION, DISTRIBUTION, ETC. |
| Date of publication, distribution, etc. |
2004 |
| 300 ## - PHYSICAL DESCRIPTION |
| Extent |
p.65-76. |
| 362 ## - DATES OF PUBLICATION AND/OR SEQUENTIAL DESIGNATION |
| Dates of publication and/or sequential designation |
Mar |
| 520 ## - SUMMARY, ETC. |
| Summary, etc. |
This article describes how the private sector can utilize government performance management data to identify business opportunities. Governments around the world today are making increased use of outsourcing, performance management and performance budgeting. Utilizing readily available data that can often be accessed via the World Wide Web, private sector businesses can identify current business opportunities in terms of what services governments are outsourcing, in what amounts and at what costs. Additionally, potential future business opportunities can be identified in terms of what services governments are currently providing in-house, at what costs and with what results. Armed with this information, private sector businesses can readily identify markets for their goods and services. - Reproduced. |
| 650 ## - SUBJECT ADDED ENTRY--TOPICAL TERM |
| Topical term or geographic name entry element |
Performance appraisal - United States |
| 650 ## - SUBJECT ADDED ENTRY--TOPICAL TERM |
| Topical term or geographic name entry element |
Performance appraisal |
| 700 ## - ADDED ENTRY--PERSONAL NAME |
| Personal name |
Singh, Karun K. |
| 773 ## - HOST ITEM ENTRY |
| Main entry heading |
International Review of Administrative Sciences |
| 909 ## - |
| -- |
60102 |